[Event "FIDE World Cup 2021"]
[Site "Krasnaya Polyana RUS"]
[Date "2021.07.13"]
[Round "1.2"]
[White "Bogner, Sebastian"]
[Black "Iniyan, P."]
[Result "1/2-1/2"]
[WhiteElo "2581"]
[BlackElo "2506"]
[PlyCount "85"]
[EventDate "2021.07.12"]

1. e4 e5 2. Nf3 Nc6 3. Bb5 a6 4. Ba4 d6 5. O-O Bd7 6. Re1 g6 7. d4 Bg7 8. dxe5
Nxe5 9. Bb3 Bg4 10. Nbd2 Bh6 11. Nxe5 Bxd1 12. Nxf7 Qf6 13. Rxd1 Bf4 14. e5
Bxe5 15. Ne4 Qh4 16. Ng3 Qf6 17. Ne4 Qh4 18. Ng3 Qf6 19. c3 Qg7 20. Ne4 h6 21.
Re1 Ne7 22. f4 Bf6 23. Nxf6+ Qxf6 24. Nxh8 Qxh8 25. f5 Kd7 26. Be6+ Kc6 27.
fxg6 Nxg6 28. Be3 Qf6 29. Bd4 Ne5 30. Bb3 Qg5 31. Rf1 Nd3 32. Kh1 Nf4 33. Rf2
Re8 34. Raf1 Nd3 35. Rf5 Re1 36. Bd5+ Kd7 37. Rf7+ Ke8 38. Rf8+ Kd7 39. R8f7+
Ke8 40. Bxb7 Qb5 41. Rf8+ Ke7 42. R8f7+ Ke8 43. Rf8+ 1/2-1/2

[Event "FIDE World Cup 2021"]
[Site "Krasnaya Polyana RUS"]
[Date "2021.07.13"]
[Round "1.2"]
[White "Ivic, Velimir"]
[Black "Hungaski, Robert"]
[Result "1-0"]
[WhiteElo "2582"]
[BlackElo "2514"]
[PlyCount "121"]
[EventDate "2021.07.12"]

1. e4 e6 2. d4 d5 3. Nc3 Bb4 4. e5 c5 5. a3 Bxc3+ 6. bxc3 Nc6 7. Qg4 g6 8. a4
Qa5 9. Bd2 Bd7 10. Nf3 c4 11. Qf4 h6 12. h4 Rh7 13. g3 O-O-O 14. Bg2 Kb8 15.
O-O Ka8 16. Qe3 Nge7 17. Qe1 Rdh8 18. Nh2 Qd8 19. Ng4 Ng8 20. Bf4 f5 21. exf6
Nxf6 22. Ne5 Nxe5 23. Bxe5 g5 24. hxg5 hxg5 25. f3 Rf8 26. a5 Ng8 27. a6 b6 28.
f4 gxf4 29. Bxf4 Ne7 30. Qe2 Nc6 31. Rf3 Rg8 32. Raf1 Qc8 33. Re3 Rg6 34. Bd6
Qxa6 35. Rf8+ Kb7 36. Qd1 Qa2 37. Re1 Qb2 38. Qd2 a5 39. Rff1 Qb5 40. Rb1 Qa6
41. Rf8 Rhg7 42. Qf4 a4 43. Qh4 a3 44. Qh8 Qa7 45. Ra8 Qxa8 46. Rxb6+ Kxb6 47.
Qxa8 Rxg3 48. Bxg3 Rxg3 49. Qxa3 Kc7 50. Kf2 Rg8 51. Bf3 Be8 52. Qc1 Bg6 53.
Qg5 Kd6 54. Bg4 Rf8+ 55. Kg3 Bxc2 56. Qc1 Rb8 57. Qxc2 Rb3 58. Kf2 Na7 59. Qe2
Nb5 60. Qxe6+ Kc7 61. Qxd5 1-0

[Event "FIDE World Cup 2021"]
[Site "Krasnaya Polyana RUS"]
[Date "2021.07.13"]
[Round "1.2"]
[White "Salinas Herrera, Pablo"]
[Black "Andersen, Mads"]
[Result "1/2-1/2"]
[WhiteElo "2514"]
[BlackElo "2579"]
[PlyCount "118"]
[EventDate "2021.07.12"]

1. d4 Nf6 2. c4 e6 3. Nc3 Bb4 4. e3 O-O 5. Bd2 d5 6. Nf3 b6 7. cxd5 exd5 8. Rc1
Bf5 9. Ne5 c5 10. Qf3 g6 11. Bd3 Bxd3 12. Nxd3 Bxc3 13. Bxc3 c4 14. Ne5 Na6 15.
b3 b5 16. bxc4 bxc4 17. Qd1 Qe8 18. O-O Ne4 19. Ng4 h5 20. Ne5 f6 21. Nf3 Rb8
22. Nd2 Nb4 23. Nxe4 Qxe4 24. Bxb4 Rxb4 25. Qe1 Rb2 26. f3 Qd3 27. Rc3 Qd2 28.
Qxd2 Rxd2 29. Rf2 Rd1+ 30. Rf1 Rd2 31. Rf2 Rd1+ 32. Rf1 Rxf1+ 33. Kxf1 Rb8 34.
e4 Rb1+ 35. Kf2 Rb2+ 36. Kf1 Rb1+ 37. Kf2 Rb2+ 38. Kf1 Rxa2 39. exd5 Ra4 40. d6
Kf7 41. Re3 c3 42. Rxc3 Ke6 43. Rc6 Kd7 44. d5 g5 45. Kf2 h4 46. h3 Ra2+ 47.
Ke3 Rxg2 48. Ra6 Rg3 49. Ke4 Rxh3 50. Rxa7+ Kxd6 51. Rf7 Rh1 52. Rxf6+ Ke7 53.
Rh6 h3 54. Ke3 Rh2 55. Kd3 Kf7 56. d6 Rh1 57. Ke2 h2 58. Kf2 Rd1 59. Rxh2 Rxd6
1/2-1/2

[Event "FIDE World Cup 2021"]
[Site "Krasnaya Polyana RUS"]
[Date "2021.07.13"]
[Round "1.2"]
[White "Gukesh, D."]
[Black "Teclaf, Pawel"]
[Result "1/2-1/2"]
[WhiteElo "2578"]
[BlackElo "2514"]
[PlyCount "60"]
[EventDate "2021.07.12"]

1. d4 d5 2. c4 dxc4 3. Nf3 Nf6 4. e3 Bg4 5. Bxc4 e6 6. Nc3 c5 7. Qa4+ Nbd7 8.
Ne5 cxd4 9. exd4 a6 10. Nxg4 Nxg4 11. Be2 b5 12. Qb3 Ngf6 13. Bf3 Rc8 14. O-O
Bd6 15. g3 O-O 16. Be3 Qa5 17. Rfd1 Nb6 18. d5 Nbxd5 19. Nxd5 Nxd5 20. Bxd5
exd5 21. Rxd5 Qb4 22. Qd1 Be7 23. b3 Qe4 24. Rc1 Rxc1 25. Bxc1 Rc8 26. Be3 h6
27. Rd7 Bf6 28. Qd5 Qxd5 29. Rxd5 Rc2 30. Rd2 Rxd2 1/2-1/2

[Event "FIDE World Cup 2021"]
[Site "Krasnaya Polyana RUS"]
[Date "2021.07.13"]
[Round "1.2"]
[White "Kozak, Adam"]
[Black "Nguyen, Thai Dai Van"]
[Result "1/2-1/2"]
[WhiteElo "2504"]
[BlackElo "2588"]
[PlyCount "137"]
[EventDate "2021.07.12"]

1. e4 e5 2. Nf3 Nf6 3. Nxe5 d6 4. Nf3 Nxe4 5. Bd3 Nf6 6. h3 Be7 7. c3 O-O 8.
Bc2 Re8 9. O-O Nbd7 10. d4 d5 11. Bf4 Nf8 12. Re1 Ng6 13. Bg3 Bd6 14. Rxe8+
Nxe8 15. Ne5 Nf8 16. Qh5 Be6 17. f4 g6 18. Qf3 Ng7 19. Nd2 c6 20. Bf2 Qc7 21.
g4 f6 22. Nd3 Re8 23. Nf1 Bf7 24. Ne3 Nfe6 25. Ng2 Kh8 26. Rf1 Bg8 27. Be3 c5
28. Ba4 Rf8 29. dxc5 Nxc5 30. Nxc5 Bxc5 31. Bb3 Re8 32. Qf2 Bxe3 33. Nxe3 d4
34. cxd4 Bxb3 35. axb3 Ne6 36. Nc4 b5 37. Na3 Qd7 38. Re1 Kg7 39. Nc2 Rc8 40.
f5 Ng5 41. Re3 gxf5 42. gxf5 Kh8 43. h4 Nf7 44. Re6 Nh6 45. Ne1 Qd5 46. Qf4
Nxf5 47. Rxf6 Qxd4+ 48. Qxd4 Nxd4 49. b4 Re8 50. Kf1 Re4 51. h5 Re5 52. Rd6 Nf5
53. Ra6 Ng3+ 54. Kf2 Nh1+ 55. Kf1 Ng3+ 56. Kf2 Nh1+ 57. Kg2 Rxe1 58. h6 Re2+
59. Kxh1 Rxb2 60. Rxa7 Kg8 61. Rg7+ Kf8 62. Rxh7 Rxb4 63. Kg2 Kg8 64. Rb7 Rh4
65. Rxb5 Rxh6 66. Rb3 Rg6+ 67. Rg3 Kg7 68. Kf2 Rxg3 69. Kxg3 1/2-1/2

[Event "FIDE World Cup 2021"]
[Site "Krasnaya Polyana RUS"]
[Date "2021.07.13"]
[Round "1.2"]
[White "Albornoz Cabrera, Carlos Daniel"]
[Black "Plat, Vojtech"]
[Result "0-1"]
[WhiteElo "2573"]
[BlackElo "2525"]
[PlyCount "96"]
[EventDate "2021.07.12"]

1. e4 e5 2. Nf3 Nf6 3. Nxe5 d6 4. Nf3 Nxe4 5. d4 d5 6. Bd3 Nc6 7. O-O Be7 8. c4
Nb4 9. Be2 dxc4 10. Bxc4 O-O 11. Nc3 Nd6 12. Bb3 Bf6 13. Ne5 Nc6 14. Re1 Nf5
15. Nd5 Bxe5 16. dxe5 Be6 17. Be3 Re8 18. Rc1 Rc8 19. Rc3 Nxe5 20. Nxc7 Bxb3
21. axb3 Nxe3 22. Qxd8 Rexd8 23. Rcxe3 Rxc7 24. Rxe5 f6 25. R5e3 Rd2 26. h4
Rxb2 27. Rd1 Kf7 28. g3 h5 29. Rd5 Kg6 30. Rd4 b5 31. Rd5 a6 32. Rd6 Rc5 33.
Rf3 a5 34. Ra6 b4 35. Kg2 Rb1 36. Ra7 Rb2 37. Ra6 Rbc2 38. Ra7 R2c3 39. Ra8
Rxf3 40. Kxf3 Kf5 41. Ke3 Kg4 42. Ra7 g5 43. hxg5 fxg5 44. Ke2 Re5+ 45. Kf1 h4
46. Kg2 h3+ 47. Kh2 Re2 48. Rf7 Rb2 0-1

[Event "FIDE World Cup 2021"]
[Site "Krasnaya Polyana RUS"]
[Date "2021.07.13"]
[Round "1.2"]
[White "Lima, Darcy"]
[Black "Can, Emre"]
[Result "0-1"]
[WhiteElo "2526"]
[BlackElo "2569"]
[PlyCount "86"]
[EventDate "2021.07.12"]

1. d4 d5 2. c4 e6 3. Nf3 Nf6 4. Nc3 c6 5. e3 Nbd7 6. Bd3 dxc4 7. Bxc4 b5 8. Bd3
b4 9. Na4 c5 10. e4 cxd4 11. e5 Nd5 12. O-O Be7 13. Re1 O-O 14. Nxd4 Qc7 15.
Nf3 Bb7 16. Bg5 h6 17. Rc1 Qa5 18. Bd2 Rfc8 19. Rxc8+ Rxc8 20. a3 Qc7 21. Qb3
bxa3 22. bxa3 N5b6 23. Nxb6 Qxb6 24. Qxb6 Nxb6 25. Bb4 Bxb4 26. axb4 Bxf3 27.
gxf3 Rc3 28. Be4 g5 29. Kg2 Rb3 30. Ra1 Rxb4 31. Rxa7 Nc4 32. h4 gxh4 33. Kh3
Nxe5 34. Ra5 Nc4 35. Rh5 f5 36. Bxf5 exf5 37. Rxf5 Nd6 38. Rh5 Nf7 39. Rxh4
Ng5+ 40. Kg3 Rxh4 41. Kxh4 Nxf3+ 42. Kg4 Nd4 43. f4 Kg7 0-1

[Event "FIDE World Cup 2021"]
[Site "Krasnaya Polyana RUS"]
[Date "2021.07.13"]
[Round "1.2"]
[White "Fier, Alexandr"]
[Black "Pechac, Jergus"]
[Result "1/2-1/2"]
[WhiteElo "2569"]
[BlackElo "2523"]
[PlyCount "129"]
[EventDate "2021.07.12"]

1. e4 e5 2. Nf3 Nc6 3. Bc4 Nf6 4. d3 Bc5 5. c3 a6 6. Bg5 h6 7. Bh4 Be7 8. Bg3
d6 9. a4 O-O 10. O-O Nh7 11. d4 Bg4 12. dxe5 Nxe5 13. Bxe5 Bxf3 14. Qxf3 dxe5
15. Rd1 Bd6 16. Nd2 Qf6 17. Qe2 Rfd8 18. a5 Bc5 19. g3 Rd6 20. Nb3 Rxd1+ 21.
Rxd1 Bd6 22. Kg2 Qe7 23. Nd2 Rd8 24. b4 c6 25. Bb3 Bc7 26. Qe3 Qg5 27. Qe2 Qe7
28. Nc4 Nf6 29. Qe3 Rxd1 30. Bxd1 Qd8 31. Bb3 Ng4 32. Qe2 Nf6 33. Nb2 Bb8 34.
Nd3 g6 35. Qe3 Kg7 36. Bc4 Nd7 37. h4 Qf6 38. Qe2 h5 39. Qe3 Qd6 40. Kf1 Nf6
41. Ke2 Nd7 42. Kd2 Qf8 43. Kc2 Bc7 44. f3 b6 45. g4 hxg4 46. fxg4 bxa5 47. h5
axb4 48. hxg6 fxg6 49. Qh3 Nb6 50. Bxa6 bxc3 51. g5 Qf7 52. Kxc3 Na4+ 53. Kd2
Ba5+ 54. Kc1 Bd8 55. Qg3 Qf1+ 56. Kc2 Qe2+ 57. Kc1 Qf1+ 58. Kc2 Qe2+ 59. Kc1
Qxe4 60. Qxe5+ Qxe5 61. Nxe5 Nc5 62. Bc4 Bxg5+ 63. Kc2 Bf6 64. Nxc6 g5 65. Be2
1/2-1/2

[Event "FIDE World Cup 2021"]
[Site "Krasnaya Polyana RUS"]
[Date "2021.07.13"]
[Round "1.2"]
[White "Vazquez, Guillermo"]
[Black "Meshkovs, Nikita"]
[Result "1/2-1/2"]
[WhiteElo "2527"]
[BlackElo "2568"]
[PlyCount "75"]
[EventDate "2021.07.12"]

1. e4 c5 2. Nf3 e6 3. c3 Nf6 4. e5 Nd5 5. d4 cxd4 6. cxd4 d6 7. Bc4 Nb6 8. Bd3
h6 9. O-O Bd7 10. Nc3 Bc6 11. Bf4 Nd5 12. Bg3 Nxc3 13. bxc3 d5 14. Nd2 Na6 15.
a4 Qd7 16. Bh4 Nc7 17. f4 Be7 18. Bxe7 Qxe7 19. f5 exf5 20. Bxf5 Qg5 21. Kh1
Ne6 22. Bxe6 fxe6 23. Nb3 Rf8 24. Nc5 Ke7 25. Qb3 Rxf1+ 26. Rxf1 Rf8 27. Rg1
Rf2 28. Nxb7 Kf7 29. Nc5 Qf5 30. Qb8 Rf1 31. h3 Rf3 32. Ra1 Be8 33. gxf3 Qxh3+
34. Kg1 Qg3+ 35. Kf1 Qxf3+ 36. Kg1 Qg3+ 37. Kh1 Qh3+ 38. Kg1 1/2-1/2

[Event "FIDE World Cup 2021"]
[Site "Krasnaya Polyana RUS"]
[Date "2021.07.13"]
[Round "1.2"]
[White "Quesada Perez, Yasser"]
[Black "Krysa, Leandro"]
[Result "1-0"]
[WhiteElo "2565"]
[BlackElo "2527"]
[PlyCount "99"]
[EventDate "2021.07.12"]

1. e4 c6 2. Nc3 d5 3. Nf3 dxe4 4. Nxe4 Nf6 5. Qe2 Nxe4 6. Qxe4 Nd7 7. Bc4 Nf6
8. Ne5 e6 9. Qe2 b5 10. Bb3 Qc7 11. d4 Bd6 12. O-O O-O 13. Bf4 a5 14. c4 bxc4
15. Bxc4 Nd5 16. Bg3 Bb7 17. Rac1 Qe7 18. Qh5 Bxe5 19. Bxe5 Ba6 20. b3 Rfd8 21.
Qe2 Bb5 22. a4 Bxc4 23. bxc4 Nb4 24. c5 Rd5 25. Rc3 f6 26. Bd6 Qf7 27. Rd1 Re8
28. Re3 Qh5 29. g4 Qf7 30. f4 f5 31. g5 Qd7 32. Be5 Rd8 33. Qc4 Qf7 34. Rde1
Re8 35. Rg3 Qg6 36. Bd6 Kf7 37. Rge3 h6 38. Rg3 hxg5 39. Rxg5 Qh6 40. Re2 Qh4
41. Qc3 g6 42. Rg3 Qh5 43. Kf1 Qh8 44. Rd2 Qh4 45. Rh3 Qg4 46. Rh7+ Kg8 47. h3
Kxh7 48. hxg4 fxg4 49. Be5 g5 50. Qg3 1-0

[Event "FIDE World Cup 2021"]
[Site "Krasnaya Polyana RUS"]
[Date "2021.07.13"]
[Round "1.2"]
[White "Vokhidov, Shamsiddin"]
[Black "Paichadze, Luka"]
[Result "1-0"]
[WhiteElo "2530"]
[BlackElo "2564"]
[PlyCount "89"]
[EventDate "2021.07.12"]

1. e4 Nc6 2. Nc3 d6 3. d4 g6 4. Be3 Bg7 5. Qd2 a6 6. d5 Nb8 7. Nf3 b5 8. a3 c6
9. g3 Bb7 10. Bg2 Nd7 11. dxc6 Bxc6 12. O-O Nb6 13. b3 Rc8 14. Nd4 Ba8 15. a4
b4 16. Nd5 Nxd5 17. exd5 Qa5 18. Nc6 Bxc6 19. dxc6 Bc3 20. Qe2 Nf6 21. Rad1 O-O
22. Bd4 Bxd4 23. Rxd4 Rc7 24. Qd2 Rb8 25. Re1 Qb6 26. g4 Ne8 27. Rd3 e6 28. Qh6
d5 29. Rh3 Qd4 30. Qxh7+ Kf8 31. Qh6+ Kg8 32. Bxd5 Qxg4+ 33. Kf1 Qxh3+ 34. Qxh3
exd5 35. Qg3 Rcc8 36. Re7 Ng7 37. Rb7 Ra8 38. Qf3 Nf5 39. Qxd5 Rf8 40. Rd7 Ng7
41. c7 Ne6 42. a5 Rac8 43. Qc4 Rfe8 44. h4 Kg7 45. Qxb4 1-0

[Event "FIDE World Cup 2021"]
[Site "Krasnaya Polyana RUS"]
[Date "2021.07.13"]
[Round "1.2"]
[White "Pantsulaia, Levan"]
[Black "Vakhidov, Jakhongir"]
[Result "1/2-1/2"]
[WhiteElo "2564"]
[BlackElo "2534"]
[PlyCount "82"]
[EventDate "2021.07.12"]

1. c4 c5 2. Nf3 g6 3. d4 cxd4 4. Nxd4 Bg7 5. e4 Nc6 6. Be3 Qb6 7. Nb3 Qd8 8.
Qd2 Nf6 9. f3 d6 10. Nc3 O-O 11. Be2 Be6 12. O-O Nd7 13. Rfd1 a5 14. Na4 Nce5
15. Rac1 Nxc4 16. Rxc4 b5 17. Rd4 bxa4 18. Rxa4 Bxb3 19. axb3 Nc5 20. Ra3 Qb8
21. Bc4 Qb4 22. Bg5 Qb6 23. Kh1 Ra7 24. Rda1 Rb7 25. Bd5 Rc7 26. Be3 Qb8 27.
Bd4 Bxd4 28. Qxd4 Qb4 29. Bc4 Nxb3 30. Bxf7+ Kxf7 31. Qd5+ e6 32. Qxb3 Qxb3 33.
Rxb3 Rfc8 34. h4 Rc1+ 35. Rxc1 Rxc1+ 36. Kh2 h5 37. Rb5 a4 38. Rb4 Ra1 39. f4
a3 40. Rb7+ Kf6 41. bxa3 Rxa3 1/2-1/2

[Event "FIDE World Cup 2021"]
[Site "Krasnaya Polyana RUS"]
[Date "2021.07.13"]
[Round "1.2"]
[White "Tang, Andrew"]
[Black "Sindarov, Javokhir"]
[Result "0-1"]
[WhiteElo "2525"]
[BlackElo "2558"]
[PlyCount "118"]
[EventDate "2021.07.12"]

1. d4 Nf6 2. Nf3 g6 3. Nbd2 Bg7 4. e4 d6 5. Bd3 O-O 6. O-O Nc6 7. Re1 e5 8.
dxe5 Nxe5 9. Nxe5 dxe5 10. Nf3 Qe7 11. h3 Rd8 12. Qd2 Nh5 13. Qc3 h6 14. a4 a5
15. b3 b6 16. Bb5 Nf4 17. Bxf4 exf4 18. e5 c5 19. Qc4 Bf5 20. Bc6 Rac8 21. Bd5
g5 22. Rad1 Re8 23. Qb5 Bxc2 24. Rd2 Bf5 25. Qxb6 Qc7 26. Qa6 Be6 27. Qc4 Rb8
28. Bxe6 Rxe6 29. Red1 Qb6 30. Rd7 Qxb3 31. Qxc5 Qxa4 32. R7d4 Qa2 33. Qc3 Ree8
34. R4d2 Qa4 35. Rd5 Qb4 36. Qa1 Ra8 37. Qa2 a4 38. Rb1 Qf8 39. Rb7 Re7 40.
Rdd7 Rxd7 41. Rxd7 Qe8 42. Qd5 Rc8 43. Ra7 Bf8 44. Ra6 Rd8 45. Qe4 Qb5 46. Ra8
Rd1+ 47. Ne1 Qb1 48. Qxb1 Rxb1 49. Kf1 a3 50. Ke2 Rb2+ 51. Kf3 a2 52. h4 Rb3+
53. Kg4 Ra3 54. Rxa3 Bxa3 55. Nc2 Bb2 56. hxg5 hxg5 57. Kxg5 Bxe5 58. Kf5 f3
59. g4 Bd4 0-1

[Event "FIDE World Cup 2021"]
[Site "Krasnaya Polyana RUS"]
[Date "2021.07.13"]
[Round "1.2"]
[White "Gonzalez Zamora, Juan Carlos"]
[Black "Mekhitarian, Krikor Sevag"]
[Result "1-0"]
[WhiteElo "2545"]
[BlackElo "2554"]
[PlyCount "113"]
[EventDate "2021.07.12"]

1. Nf3 d5 2. g3 g6 3. c4 dxc4 4. Qa4+ Nc6 5. Bg2 Bg7 6. Qxc4 e5 7. d3 Nge7 8.
h4 Be6 9. Qa4 h6 10. Nc3 f5 11. Be3 Qd7 12. Rc1 O-O 13. Bc5 Rfe8 14. O-O Rad8
15. Rfd1 a6 16. Nd2 Nd5 17. Nxd5 Bxd5 18. Bxd5+ Qxd5 19. Qb3 Qxb3 20. Nxb3 Rd7
21. Kf1 Nd8 22. Bb4 Ne6 23. Bc3 b6 24. Nd2 Red8 25. Ke1 Nc5 26. Nc4 Re8 27. b3
g5 28. hxg5 hxg5 29. Ne3 Rf7 30. g4 fxg4 31. Nxg4 Nb7 32. f3 c5 33. Kd2 Nd6 34.
Rh1 Rf4 35. Rcg1 Nf7 36. Kc2 b5 37. Bd2 c4 38. dxc4 bxc4 39. Bxf4 exf4 40. bxc4
Rxe2+ 41. Kd3 Rxa2 42. c5 Ra4 43. Rb1 Rd4+ 44. Ke2 Rd8 45. Rhc1 Rc8 46. c6 Nd6
47. Rb6 Nb5 48. Rxa6 Nd4+ 49. Kf2 Nb3 50. Rc4 Nc5 51. Rb6 Kf8 52. Kg2 Ne6 53.
Rb7 Nc7 54. Re4 Ne8 55. Re6 Nc7 56. Rg6 Ne8 57. Kh3 1-0

[Event "FIDE World Cup 2021"]
[Site "Krasnaya Polyana RUS"]
[Date "2021.07.13"]
[Round "1.2"]
[White "Perez Ponsa, Federico"]
[Black "Nikolov, Momchil"]
[Result "1/2-1/2"]
[WhiteElo "2554"]
[BlackElo "2547"]
[PlyCount "73"]
[EventDate "2021.07.12"]

1. d4 Nf6 2. c4 e6 3. Nc3 Bb4 4. Qc2 d5 5. cxd5 exd5 6. Bg5 c5 7. dxc5 h6 8.
Bh4 O-O 9. Nf3 Be6 10. e3 Nbd7 11. Nd4 Nxc5 12. a3 Bxc3+ 13. Qxc3 Rc8 14. f3
Re8 15. Qd2 Bd7 16. Be2 Qb6 17. O-O Nb3 18. Nxb3 Qxb3 19. Bd3 Nh7 20. a4 Qb6
21. Bf2 Qe6 22. Qb4 Bc6 23. Qd4 a6 24. Rfc1 Nf8 25. b3 Ng6 26. Rc3 Ne5 27. Bf1
Bd7 28. Rac1 Rxc3 29. Rxc3 Rc8 30. Rxc8+ Bxc8 31. b4 Bd7 32. b5 axb5 33. axb5
Nc4 34. e4 Bxb5 35. exd5 Qc8 36. Bg3 Na3 37. Qe3 1/2-1/2

[Event "FIDE World Cup 2021"]
[Site "Krasnaya Polyana RUS"]
[Date "2021.07.13"]
[Round "1.2"]
[White "Afanasiev, Nikita"]
[Black "Savchenko, Boris"]
[Result "1/2-1/2"]
[WhiteElo "2540"]
[BlackElo "2553"]
[PlyCount "82"]
[EventDate "2021.07.12"]

1. c4 e6 2. Nf3 d5 3. e3 a6 4. d4 Nf6 5. Nc3 c5 6. a3 dxc4 7. Bxc4 b5 8. Ba2 b4
9. axb4 cxb4 10. Ne2 Nbd7 11. O-O Bd6 12. d5 Nc5 13. dxe6 Bxe6 14. Bxe6 Nxe6
15. Qa4+ Qd7 16. Rd1 Qxa4 17. Rxa4 Ne4 18. Nfd4 a5 19. Ra1 Ra6 20. f3 N4c5 21.
Bd2 O-O 22. Bxb4 Nxd4 23. Rxd4 Bxh2+ 24. Kxh2 axb4 25. Rxa6 Nxa6 26. Rc4 Re8
27. Rc6 Nb8 28. Rb6 Nd7 29. Rb7 Nc5 30. Rxb4 f5 31. Ng3 Rxe3 32. Nxf5 Re2 33.
b3 g6 34. Ng3 Rb2 35. Rb5 Nd3 36. Ne4 Ne1 37. Rb7 h5 38. Nf6+ Kf8 39. Nh7+ Kg8
40. Nf6+ Kf8 41. Nh7+ Kg8 1/2-1/2

[Event "FIDE World Cup 2021"]
[Site "Krasnaya Polyana RUS"]
[Date "2021.07.13"]
[Round "1.2"]
[White "Cheng, Bobby"]
[Black "Sanal, Vahap"]
[Result "1/2-1/2"]
[WhiteElo "2552"]
[BlackElo "2556"]
[PlyCount "79"]
[EventDate "2021.07.12"]

1. d4 Nf6 2. c4 e6 3. Nf3 d5 4. Nc3 Be7 5. Bf4 O-O 6. e3 b6 7. Bd3 c5 8. dxc5
bxc5 9. O-O Bb7 10. cxd5 exd5 11. Qb3 Qb6 12. Rfd1 Nbd7 13. Qxb6 axb6 14. Bb5
Rfd8 15. a4 Rac8 16. a5 bxa5 17. Rxa5 Ra8 18. Rxa8 Rxa8 19. Ne5 Nxe5 20. Bxe5
Rd8 21. h3 h5 22. Kf1 h4 23. Bc7 Ra8 24. Bf4 Rd8 25. Bg5 d4 26. Na4 Bd5 27. Rc1
Bb3 28. exd4 cxd4 29. Nb6 Be6 30. Bd3 Rb8 31. Rc6 Bd8 32. Na4 Bd5 33. Rc1 Nh5
34. Bd2 g6 35. b4 Ra8 36. Nc5 Ra2 37. Rc2 Ra1+ 38. Rc1 Ra2 39. Rc2 Ra1+ 40. Rc1
1/2-1/2

[Event "FIDE World Cup 2021"]
[Site "Krasnaya Polyana RUS"]
[Date "2021.07.13"]
[Round "1.2"]
[White "Ghaem Maghami, Ehsan"]
[Black "Megaranto, Susanto"]
[Result "1/2-1/2"]
[WhiteElo "2547"]
[BlackElo "2550"]
[PlyCount "58"]
[EventDate "2021.07.12"]

1. c4 c6 2. Nf3 d5 3. d4 Nf6 4. e3 Bf5 5. Nc3 e6 6. Nh4 Bg6 7. Qb3 Qb6 8. Nxg6
hxg6 9. Bd2 Nbd7 10. Be2 Be7 11. h3 Rc8 12. Rc1 g5 13. O-O dxc4 14. Bxc4 g4 15.
hxg4 Qc7 16. g3 Nxg4 17. Be2 Rh3 18. Ne4 Ndf6 19. Nxf6+ Nxf6 20. Bf3 Kd7 21.
Bg2 Rh5 22. Bf3 Rh3 23. Bg2 Rh5 24. Bf3 Rh3 25. e4 Qb6 26. Qd3 Rch8 27. Be3 Qa5
28. a3 Rh1+ 29. Bxh1 Qh5 1/2-1/2

[Event "FIDE World Cup 2021"]
[Site "Krasnaya Polyana RUS"]
[Date "2021.07.13"]
[Round "1.2"]
[White "Martinovic, Sasa"]
[Black "Kulaots, Kaido"]
[Result "1/2-1/2"]
[WhiteElo "2548"]
[BlackElo "2548"]
[PlyCount "119"]
[EventDate "2021.07.12"]

1. d4 d6 2. Nf3 g6 3. c4 Nf6 4. Nc3 Bf5 5. Nh4 Bd7 6. Nf3 Bg7 7. e4 O-O 8. Be2
Nc6 9. d5 Nb4 10. O-O e6 11. dxe6 Bxe6 12. Nd4 Bd7 13. Be3 Re8 14. f3 Nh5 15.
Qd2 f5 16. Rad1 f4 17. Bf2 b6 18. Nd5 Nxd5 19. cxd5 Be5 20. Rc1 Ng3 21. Rfd1
Nxe2+ 22. Nxe2 g5 23. Bd4 Rc8 24. Rc3 Rf8 25. Rdc1 Rf7 26. Qc2 Bb5 27. a4 Be8
28. Bxe5 dxe5 29. g4 Qd6 30. Kg2 h5 31. h3 Rh7 32. Ng1 a5 33. b3 Qg6 34. Rc4 c5
35. dxc6 Rhc7 36. gxh5 Qe6 37. Kh2 Kh7 38. Qg2 Qf6 39. Qg4 Bf7 40. R4c3 Kh6 41.
Qg2 Rxc6 42. Rxc6 Rxc6 43. Rxc6 Qxc6 44. h4 gxh4 45. Nh3 Qf6 46. Nf2 Qg5 47.
Ng4+ Kxh5 48. Qc2 h3 49. Qc7 Bg6 50. Qxe5 Qxe5 51. Nxe5 Be8 52. Nc4 Kh4 53.
Nxb6 Bh5 54. Nd5 Bxf3 55. Nxf4 Bxe4 56. Nxh3 Bd5 57. Nf4 Bxb3 58. Kg2 Bxa4 59.
Kf2 Kg4 60. Ke3 1/2-1/2